000 00444cam a22001457a 4500
008 180718b2006 xxu||||| |||| 00| 0 eng d
020 _a818069304X
082 _aZx54 As69
100 _aAshraf, S. Waseem A.
245 _aAgricultural environment and health
_cby S. Waseem A. Ashraf
260 _aNew Delhi
_bConcept
_c2006
300 _a138p.
650 _aEnvironmental health - India.
650 _aAgriculture - Environmental aspects - India
999 _c405404
_d405404